[Event "VIE-ch U15"]
[Site "Hai Phong"]
[Date "2018.07.09"]
[Round "4"]
[White "Tran, Van Tien Dat"]
[Black "Huynh, Quoc An"]
[Result "0-1"]
[WhiteElo "1803"]
[BlackElo "1798"]
[PlyCount "124"]
[EventDate "2018.07.07"]
[EventType "swiss"]
[EventRounds "9"]
[EventCountry "VIE"]
[SourceTitle "EXT 2019"]
[Source "ChessBase"]
[SourceDate "2018.10.10"]
[SourceVersion "1"]
[SourceVersionDate "2018.10.10"]
[SourceQuality "1"]

1. d4 Nf6 2. Nf3 e6 3. g3 b6 4. Bg2 Bb7 5. 0-0 Be7 6. b3 0-0 7. Bb2 d5 8. c4 Nbd7 9. Nbd2 Rc8 10. Rc1 Ne4 11. e3 f5 12. Ne5 Ndf6 13. a3 a5 14. Qe2 Bd6 15. Nxe4 Nxe4 16. Bxe4 dxe4 17. Rfd1 Bxe5 18. dxe5 Qe7 19. Rd4 Rfd8 20. Rcd1 Rxd4 21. Rxd4 Rd8 22. Qd2 Rxd4 23. exd4 Qd7 24. Qe3 h6 25. h4 Kh7 26. Kg2 b5 27. Kh2 bxc4 28. bxc4 Qa4 29. c5 Qc2 30. Bc3 a4 31. Bb4 Bd5 32. Qd2 Qb1 33. Qe1 Qd3 34. Qd2 Qf3 35. Qe3 Qd1 36. Qd2 Qf3 37. Qe3 Qd1 38. Qd2 Qf1 39. Qe1 Qb5 40. Qe3 h5 41. Qg5 Qe2 42. Qe3 Qd1 43. Qd2 Qf3 44. Qe3 c6 45. Kg1 Bc4 46. Qxf3 exf3 47. Bd2 Kg6 48. Kh2 Kf7 49. Bc1 Ke7 50. Bd2 Kd7 51. g4 fxg4 52. Kg3 Kc7 53. Kf4 g6 54. Be1 Kb7 55. Kg5 Bd3 56. Kf6 Bf5 57. Ke7 g5 58. hxg5 h4 59. Bd2 g3 60. fxg3 hxg3 61. g6 Bxg6 62. Be1 f2 0-1

[Event "VIE-ch U15"]
[Site "Hai Phong"]
[Date "2018.07.07"]
[Round "2"]
[White "Tran, Van Tien Dat"]
[Black "Pham, Phu Quang"]
[Result "0-1"]
[WhiteElo "1803"]
[BlackElo "1811"]
[PlyCount "80"]
[EventDate "2018.07.07"]
[EventType "swiss"]
[EventRounds "9"]
[EventCountry "VIE"]
[SourceTitle "EXT 2019"]
[Source "ChessBase"]
[SourceDate "2018.10.10"]
[SourceVersion "1"]
[SourceVersionDate "2018.10.10"]
[SourceQuality "1"]

1. d4 Nf6 2. c4 g6 3. Nf3 Bg7 4. g3 0-0 5. Bg2 d6 6. 0-0 Nbd7 7. Nc3 e5 8. e3 c6 9. b3 Qa5 10. Bb2 Rd8 11. Qc2 Nf8 12. Rad1 Bf5 13. e4 Bg4 14. d5 c5 15. Bc1 a6 16. Bd2 Qc7 17. Rde1 Bd7 18. Qd3 Rdb8 19. Rb1 b5 20. Qc2 h6 21. Rfc1 Nh5 22. Nh4 Qc8 23. Qd3 f5 24. Bf3 Nf6 25. Ng2 b4 26. Ne2 fxe4 27. Bxe4 Nxe4 28. Qxe4 Bf5 29. Qh4 g5 30. Bxg5 hxg5 31. Qxg5 Bxb1 32. Rxb1 Qd8 33. Qg4 Qf6 34. Nh4 Rb7 35. Rf1 Rf7 36. f4 exf4 37. Nxf4 Re8 38. Qh3 Bh6 39. Nf5 Qxf5 40. Qxh6 Rf6 0-1